[Weyklad krátký na Proroctwij Danyele Proroka Sepsán a wydán od kněze Jana Achyllesa Beraunského / kazatele slowa Božijho w městě Pacowě...]

Bibliographic Details
Main Author: Achilles, Jan, 16. stor (Author)
Other Authors: Dačický, Jiří Jakubův, zomrel 1619 (Printer)
Format: Book
Language:Czech
PhysicalDescription:D4-Z4, Aa4-Mm4, Nn2, to jest 130 listov zachovaných 4° 21,5x16 cm
Subjects:

MARC

LEADER 00000nam a2200000 a 4500
001 vtls008858944
003 SK-MaSNL
005 20260301230644.0
008 251124s1590 xr 0 0 cze
015 |a SNBHFA 
035 |a cpl000119713 
040 |a SNKHF  |b slo  |c SNKHF  |e rda 
041 0 |a cze 
044 |a xr  |c CZ 
072 7 |a 2-23/-27  |x Biblia. Biblistika  |2 konspekt 
072 7 |a 2  |x Náboženstvo  |2 konspekt 
080 |a 2-27  |2 2011 
080 |a 21/29-1/-9  |2 2011 
080 |a 2-1  |2 2011 
080 |a 27-246  |2 2011 
100 1 |a Achilles, Jan,  |d 16. stor  |4 aut  |9 62283 
245 1 1 |a [Weyklad krátký na Proroctwij Danyele Proroka Sepsán a wydán od kněze Jana Achyllesa Beraunského / kazatele slowa Božijho w městě Pacowě...] 
264 3 |a [Wytisstěný v Praze]  |b [v Giřijka Jakubea Dačického.]  |c [1590] 
300 |a D4-Z4, Aa4-Mm4, Nn2, to jest 130 listov zachovaných  |c 4°  |c 21,5x16 cm 
336 |a text  |b txt  |2 rdacontent 
337 |a text  |b txt  |2 rdacontent 
338 |a zväzok  |b nc  |2 rdacarrier 
500 |a Vinety, iniciálky s ornamentálnym pozadím na 4 r., iniciálky vo voľnom priestore na 2 a 3 riadky, rubriky, typografické ozdoby 
504 |a Marginálie, kustody 
510 4 |a Knihopis 93 
546 |a Čeština  |b Fraktura 
562 |a Defekt: chýba začiatok a koniec.  |5 SNK IC 66972 
562 |a Rukopisné poznámky.  |5 SNK IC 66972 
563 |a Väzba: reštaurovaná.  |5 SNK IC 66972 
630 0 7 |a Biblia  |p Nový zákon  |l Česky  |2 SNKPH  |9 457295 
650 0 7 |a náboženstvo  |2 SNKPH  |9 2023 
650 0 7 |a biblistika  |2 SNKPH  |9 1798 
650 0 7 |a teológia  |2 SNKPH  |9 1814 
700 1 |a Dačický, Jiří Jakubův,  |d zomrel 1619  |4 prt  |9 91416 
752 |a Česko  |d Praha 
852 |a snk  |b Historické fondy  |p IC 66972 
958 |a ONDV 
999 |c 955628  |d 957558 
952 |t Tlače 16. storočia  |a SNK  |b SNK  |c SNK_HF  |y PREZ  |7 0  |p 17A1399533  |o snkIC 66972  |i snkF 66/77  |8 5  |0 0  |1 0  |4 0  |d 2022-05-19  |l 0  |r 2026-02-24 10:02:05  |w 2026-02-24